| 000 | 00478nam a22001817a 4500 | ||
|---|---|---|---|
| 003 | OSt | ||
| 005 | 20140310181707.0 | ||
| 008 | 121123t xxu||||| |||| 00| 0 eng d | ||
| 020 | _a9716300859 | ||
| 050 |
_aDS 675.8 _b.Qu8 1940 |
||
| 082 |
_aFIL 920.959 _bR52q 1997 |
||
| 100 | _aQuirino, Carlos | ||
| 245 |
_aThe Great Malayan / _cCarlos Quirino. |
||
| 260 |
_aMakati City: _bTahanan Books, _c1940. |
||
| 300 |
_g17 cm. : _a336 p. : |
||
| 942 |
_2lcc _cBK _kFIL |
||
| 999 |
_c1383 _d1383 |
||